Trestnoprávna vina a zahladenie odsúdenia
Vysvetlenie pojmov vina, trestnoprávna vina a odsúdenie. Vyslovenie trestnoprávnej viny - historický pohľad. Odsúdenie, potrestanie a zahladenie odsúdenia. Kritická analýza odlišných názorov v judikatúre.
Enregistré dans:
| Auteur principal: | |
|---|---|
| Format: | Chapitre de livre |
| Langue: | slovaque |
| Sujets: | |
| Tags: |
Pas de tags, Soyez le premier à ajouter un tag!
|
MARC
| LEADER | 00000naa a2200000 4500 | ||
|---|---|---|---|
| 001 | 0269858 | ||
| 005 | 20201116150343.8 | ||
| 041 | 0 | |a slo | |
| 044 | |a SK | ||
| 245 | 1 | 0 | |a Trestnoprávna vina a zahladenie odsúdenia |c Michal Vaľo |
| 520 | |a Vysvetlenie pojmov vina, trestnoprávna vina a odsúdenie. Vyslovenie trestnoprávnej viny - historický pohľad. Odsúdenie, potrestanie a zahladenie odsúdenia. Kritická analýza odlišných názorov v judikatúre. | ||
| 610 | 2 | 0 | |a pojmy |
| 610 | 2 | 0 | |a právo trestné |
| 610 | 2 | 0 | |a zodpovednosť trestná |
| 610 | 2 | 0 | |a história |
| 100 | 1 | |a Vaľo, Michal | |